Histoire naturelle de Pline / (Record no. 162276)

MARC details
000 -LEADER
campo de control de longitud fija 01055nam a22002175i 4500
001 - NÚMERO DE CONTROL
campo de control 162276
003 - IDENTIFICADOR DE NÚMERO DE CONTROL
campo de control ES-MaACL
005 - FECHA Y HORA DE LA ÚLTIMA TRANSACCIÓN
campo de control 20250814031827.0
008 - DATOS DE LONGITUD FIJA--INFORMACIÓN GENERAL
campo de control de longitud fija 990624s1774 fr |||| | fre d
040 ## - FUENTE DE CATALOGACIÓN
Centro catalogador/agencia de origen CAM
Lengua de catalogación spa
Centro/agencia transcriptor CAM
100 1# - ENTRADA PRINCIPAL--NOMBRE DE PERSONA
Nombre de persona Plinio Segundo, Cayo
9 (RLIN) 92659
245 10 - MENCIÓN DEL TÍTULO
Título Histoire naturelle de Pline /
Mención de responsabilidad, etc. traduite en françois ... accompagnée de notes critiques pour l'éclaircissement du texte ...; tome septieme.
260 ## - PUBLICACIÓN, DISTRIBUCIÓN, ETC.
Lugar de publicación, distribución, etc. A Paris :
Nombre del editor, distribuidor, etc. chez la veuve Desaint libraire ...,
Fecha de publicación, distribución, etc. 1774 (
Fabricante De l'imprimerie de Didot)
300 ## - DESCRIPCIÓN FÍSICA
Extensión [4], 699, [1] p. ;
Dimensiones 4º.
596 #1 - NOTA AL PIE DE IMPRENTA
NOTA AL PIE DE IMPRENTA Imp. tomado de colofón.
597 #1 - NOTA DE DESCRIPCIÓN FÍSICA
NOTA DE DESCRIPCIÓN FÍSICA Sign.: []\p2\s, A-4S\p4\s, 4T\p2\s.
597 #1 - NOTA DE DESCRIPCIÓN FÍSICA
NOTA DE DESCRIPCIÓN FÍSICA Antep.
650 #7 - PUNTO DE ACCESO ADICIONAL DE MATERIA--TÉRMINO DE MATERIA
Término de materia o nombre geográfico como elemento de entrada Ciencias naturales
Fuente del encabezamiento o término embne
9 (RLIN) 10984
852 ## - LOCALIZACIÓN
Ubicación ES-MaACL
Número de control de estantería R-1013-24
Nota libre -- Enc. pasta española, con hierros dorados
-- -- Sello : "Propriété des Trois"
-- -- Sello : "S.D.S. Y. D.A."
Encuadernación -- Edic.: añadir en T245 "... traduite en françois, avec le texte latin..." -- T594 Texto paralelo latín-francés
-- Olim: G-7020-31
Holdings
Estatus retirado Estado de pérdida Estado de daño No para préstamo Colección Biblioteca de origen Biblioteca actual Ubicación en estantería Fecha de adquisición Total de préstamos Signatura topográfica completa Código de barras Visto por última vez Precio de reemplazo Tipo de ítem Koha
        Libros del s. XVIII Biblioteca del Ateneo de Madrid Biblioteca del Ateneo de Madrid Depósito 17/01/2008   R-1013-24 1170008 23/02/2023 23/02/2023 Libro impreso antiguo